Coupe du monde 1998 - Statistiques

Statistiques générales
  • Ce quiz a été pris 349 fois
  • Le résultat moyen est 11 sur 15
Statistiques - réponses
Question Réponse % Correct
Groupe du Brésil ( mettre la lettre ) A
95%
Groupe de la France ( mettre la lettre ) C
95%
Stade de la finale Stade de France
94%
Tenant du titre Brésil
89%
Sa nationalité Français
85%
Premier buteur en Finale Zinedine Zidane
84%
Dernier buteur en finale Emanuel Petit
83%
Il y’a t’il une équipe qui a gagné tous ses matchs (TAB = NUL) Non
83%
Capitaine des vainqueurs Didier Deschamps
79%
Meilleur joueur de la compétition Ronaldo
68%
Dernier buteur des demi-finales Lilian Thuram
63%
Meilleur buteur de la compétition Davor Suker
54%
Score d’Allemagne - Croatie 0-3
46%
Dernier buteur des quarts de finale Davor Suker
28%
Pire équipe du mondial ( points en phase de poule + différence de buts ) États-Unis
16%
Aucun quiz correspondant
Distribution des résultats
% des personnes avec chaque résultat
Percentile par nombre de réponses
Votre historique - résultats
Vous n’avez pas pris ce quiz